00419nam a2200121Ia 4500008004100000024004300041082001700084100005300101245005900154260002500213600002100238650003800259250506s9999 xx 000 0 und d a12B-27-Bs, 12B-131-BS & 12B-135-BS a005.1072 BAQ aBaqar Raza Mangrani, Rana Abdul Mannan& Muhammad 0aRobust Core-Feature-Based Face Recognition (code book) aKarachi:bUIT,c2012 aComputer Science aBachelor of Computer Science (BS)